| 000 | 01164nam a2200241Ia 4500 | ||
|---|---|---|---|
| 999 |
_c52938 _d52938 |
||
| 001 | 19968 | ||
| 003 | GE_BSU | ||
| 005 | 20200523220022.0 | ||
| 008 | 181216s1966||||ge |||||||||||||| ||geo|| | ||
| 040 | _cGE_BSU | ||
| 041 | _ageo | ||
| 080 | _a81'374(038)=353.1 ო-52 | ||
| 100 |
_aორბელიანი, სულხან-საბა _91185 |
||
| 245 |
_aლექსიკონი ქართული : 2 წიგნად : _bწ. 1: [ა - ჟ] / _cსულხან-საბა ორბელიანი ; რედ. ნ. ჟღენტი. |
||
| 264 |
_aთბილისი : _bსაბჭ. საქართველო, _c1966. |
||
| 300 |
_a632 გვ. : _bილ. : _c22 სმ. |
||
| 653 | _aლექსიკონი ქართული 2 წიგნად : წ. 1 [ა - ჟ] | ||
| 653 | _aქართული ენა | ||
| 700 |
_a ჟღენტი, ნ. _eრედაქტორი _98164 |
||
| 710 |
_aსაქ. სსრ მეცნიერებათა აკადემია _98053 |
||
| 710 |
_aენათმეცნიერების ინსტიტუტი _98165 |
||
| 942 |
_cBK _2udc |
||